000 00355nam a2200157Ia 4500
003 0STCL
008 150530s9999 xx 000 0 und d
040 _aSTCL
_cSTCL
100 _aButler, J.A.V.
245 _aChemical thermodynamics
260 _bMacmillan
_c1955
546 _aEnglish
942 _2ddc
_cBK
999 _c32201
_d32201
005 20220125170238.0